000 00462nam a2200181Ia 4500
005 20240927054342.0
008 240331s9999 xx 000 0 und d
020 _a9551157001
082 _bPER
_a808
100 _aPerera, S
245 0 _aAlternate space :
_btrivial writings of an academic
260 _aRatmalana
_bYellow House publications
_c2005
300 _a281 p .,
650 _aCultural
650 _aReligion
650 _aGlobalization
942 _cL
999 _c3116
_d3116